Australian Places #1 - Statistics

General Stats
  • This quiz has been taken 30 times
  • The average score is 7 of 15
Answer Stats
Picture Answer % Correct
Ayres Rock / Uluru
92%
Sydney Harbour Bridge
88%
Bondi Beach
85%
Great Barrier Reef
85%
Melbourne Cricket Ground
73%
Twelve Apostles
54%
Flinders Street Station
46%
Hobart
38%
War Memorial
38%
Wave Rock
31%
Daintree Rainforest
27%
Kalgoorlie
23%
Port Arthur
23%
High Court
8%
Flinders Ranges
0%
No matching quizzes found
Score Distribution
Percent of People with Each Score
Percentile by Number Answered
Your Score History
You have not taken this quiz